00585 2200217 4500001002100000005001500021035002000036245006100056100001300117250001500130260004200145300004000187020001800227084001600245082001000261650001800271008004100289520001100330990001300341990001300354INLIS00000000000866120230616093705 a0010-01230002021 aMeraup untung dari aneka kreasi barang bekas /cErnawati aErnawati aCetakan II ayogyakarta :bNew Vita Pustaka,c2022 a80 halaman :bilus gambar ;c21 cm. a9786235511221 a741.5 ERN m a741.5 4aSeni Dekorasi230616 g 0 ind  aKreasi a022.1199 a022.1200